[Event "Wch Seniors 50 29th"]
[Site "Bucharest"]
[Date "2019.11.18"]
[Round "6"]
[White "Munos, Jean Marc Lucien Jo"]
[Black "Kainz, Josef"]
[Result "1-0"]
[WhiteElo "1504"]
[BlackElo "1937"]
[PlyCount "95"]
[EventDate "2019.11.12"]
[EventType "swiss"]
[EventRounds "11"]
[EventCountry "ROU"]
[SourceTitle "CBM 193 Extra"]
[Source "ChessBase"]
[SourceDate "2020.01.31"]
[SourceVersion "1"]
[SourceVersionDate "2020.01.31"]
[SourceQuality "1"]

1. Nf3 Nf6 2. d4 g6 3. c4 Bg7 4. g3 b6 5. Bg2 Bb7 6. Nc3 d6 7. 0-0 Nbd7 8. Qc2 e6 9. e4 0-0 10. Bg5 h6 11. Bd2 c5 12. Rad1 cxd4 13. Nxd4 Qc7 14. h3 Rac8 15. b3 Kh7 16. Rfe1 Nc5 17. Be3 a6 18. f4 b5 19. b4 Ncd7 20. cxb5 d5 21. bxa6 Bxa6 22. b5 Qc5 23. Nc6 Qa3 24. e5 Ng8 25. Nb1 Qa5 26. Nxa5 Rxc2 27. bxa6 Rxa2 28. Nb7 Rxa6 29. Bf1 Raa8 30. Bb5 Nb8 31. Nc3 Rc8 32. Na4 Rc2 33. Rc1 Rxc1 34. Rxc1 Na6 35. Nd6 Ne7 36. Nb6 Ra7 37. Ra1 Rc7 38. Bxa6 Rc3 39. Bf2 f6 40. Nd7 fxe5 41. fxe5 Nc6 42. Nf6+ Bxf6 43. exf6 Rf3 44. f7 e5 45. Bc8 Ne7 46. Ra7 Kg7 47. Ba6 Nf5 48. Ne8+ 1-0